1413 1141 1574 1592 1909 1496 1140 1838 1871 1354 1680 1399 1117 1897 1896 1125 1020 1400 1367 1668 1004 1425 1125 1390 1458 1359 1507 1417 1052 1848 1924 1256 1239 1538 1649 1883 1370 1798 1572 1490 1933 1167 1607 1063 1899 1606 1885 1767 1518 1731 1511 1820 1922 1375 1806 1523 1715 1177 1274 1980 1151 1995 1447 1159 1066 1132 1504 1457 1570 1919 1699 1113 1131 1734 1532 1578 1298 1720 1334 1711 1770 1978 1796 1699 1268 1741 1059 1379 1145 1597 1827 1361 1749 1872 1961 1483 1426 1003 1896 BCNSPRNW ULIB Ver.6.0+V

เปลี่ยนเป็นภาษาไทย

Change to English
 แสดงรายละเอียดบรรณานุกรม
  กลับหน้าหลัก

Brief Record : Get Marc (ISO 2709) : E-mail record : QR code < ปิดหน้าต่าง
LEADER : 00000nam 2200000uu 4500
001    13399112004
003     ULIB
008    110719s2553||||th 000 0 tha d
020    6169049814
090    นว.^bป959ห 2553
100 0   ไป่เทียนหลง
245 00  6974...ห้องมรณะ /^cไป่เทียนหลง
250     พิมพ์ครั้งที่ 1
260     กรุงเทพฯ :^bแองเจิลบุ๊คส์,^c2553
300     200 หน้า
945    ^p160^l0^i028083
995     เกษร
999     ^aใช้งานได้ทุกระบบ
รายการนี้ยังไม่มีแท็ก
คุณยังไม่ได้ล็อกอิน คุณสามารถมีกิจกรรมร่วมกับเว็บไซต์ได้ แต่ต้องล็อกอินก่อน ::
  ล็อกอิน

รายการสื่อสารสนเทศ

ลำดับที่ ประเภท เลขเรียก/บาร์โค้ด สถานที่ สถานะ
1. นวนิยาย
นวนิยาย
นว. ป959ห 2553  
  Barcode: 028083
ห้องสมุดวิทยาเขตสวรรค์ประชารักษ์
►นวนิยาย
บนชั้น
  ขอยืม

BibComment


ยังไม่เคยถูกคอมเมนท์

คอมเมนท์ทรัพยากรรายการนี้
  คอมเมนท์: 6974ห้องมรณะ ไป..


 Copyright 2026. Bcnsprnw @Library